| 000 | 01515nam a2200337 i 4500 | ||
|---|---|---|---|
| 003 | DO-SdBNP | ||
| 005 | 20260505103257.0 | ||
| 007 | ta | ||
| 008 | 220909e2003 dr a|||fr||||o001 0 spa d | ||
| 040 |
_aDO-SdBNP _bspa _cBNPHU _erda |
||
| 041 | _aspa | ||
| 082 | 4 |
_axxx _bE84s _222 |
|
| 100 | 1 |
_964275 _aMontero, Gregorio |
|
| 245 | 1 | 0 |
_aÉtica del servidor público / _cGregorio Montero |
| 260 | _aSanto Domigo : | ||
| 264 |
_aSanto Domingo, República Dominicana : _bPARME, _c2003. |
||
| 300 |
_aiii, 66 páginas : _bilustraciones ; _c27 cm. |
||
| 336 |
_atexto _btxt _2rdacontent |
||
| 337 |
_asin mediación _bn _2rdamedia |
||
| 338 |
_avolumen _bnc _2rdacarrier |
||
| 504 | _aBibliografía: páginas 65- 66 | ||
| 505 | 0 |
_aPresentación.-- _tIntroducción.-- _gCapítulo I. _tEl Estado.-- _gCapítulo II. _tLa ética.-- _gCapítulo III. _tRégimen ético de los servidores públicos.-- _gCapítulo IV. _tRégimen disciplinario de los servidores.-- _gCapítulo V. _tCorrupción administrativa.-- _gCapítulo VI. _tDerechos de los servidores públicos.-- _tBibliografía. |
|
| 590 | _aInventariado 2022 / MF | ||
| 650 | 4 |
_aFunción pública _xRepública Dominicana _919974 |
|
| 650 | 4 |
_98533 _aÉtica Legal _zRepública Dominicana |
|
| 650 | 0 |
_aFuncionarios públicos _931118 |
|
| 710 | 2 |
_982155 _aInstituto Nacional de Administración Pública (República Dominicana) |
|
| 710 | 2 |
_916047 _aPrograma de Apoyo a la Reforma y Modernización del Estado (República Dominicana) |
|
| 910 | _aMFeliz | ||
| 942 |
_2ddc _cLBS1 |
||
| 999 |
_c52365 _d52365 |
||